1162 1653 1147 1819 1295 1664 1947 1846 1072 1440 1525 1375 1811 1921 1163 1516 1435 1052 1003 1538 1022 1167 1376 1421 1648 1407 1136 1832 1163 1433 1764 1653 1117 1782 1577 1420 1520 1568 1601 1344 1850 1421 1534 1934 1004 1025 1314 1968 1383 1552 1067 1559 1559 1483 1115 1409 1579 1952 1082 1812 1250 1855 1515 1998 1570 1860 1521 1225 1546 1241 1536 1627 1481 1229 1463 1650 1878 1279 1327 1292 1826 1535 1570 1428 1468 1777 1319 1119 1982 1364 1389 1158 1519 1660 1714 1743 1103 1886 1037 BCNSPRNW ULIB Ver.6.0+V

เปลี่ยนเป็นภาษาไทย

Change to English
 แสดงรายละเอียดบรรณานุกรม
  กลับหน้าหลัก

Brief Record : Get Marc (ISO 2709) : E-mail record : QR code < ปิดหน้าต่าง
LEADER : 00000nam 2200000uu 4500
001    13399111152
003     ULIB
008    110617s||||||||th 000 0 tha d
020    9743414894
020    9789743414893
050 04 BF637^bว527ก 2550
100 0  พลตรี หลวงวิจิตรวาทการ
245 10 กำลังความคิด /^cโดย พลตรี หลวงวิจิตรวาทการ
250    พิมพ์ครั้งที่ 4
260    กรุงเทพฯ :^bสร้างสรรค์บุ๊คส์,^c2550.
300    290 หน้า :^bภาพประกอบ
650  7 ความคิด
650  7 การคิด
710 1  สร้างสรรค์บุ๊คส์
945    ^p230^l0^i027168
945    ^p230^l0^i027169
995    ทศพร
999 ^a ใช้งานได้ทุกระบบ
รายการนี้ยังไม่มีแท็ก
คุณยังไม่ได้ล็อกอิน คุณสามารถมีกิจกรรมร่วมกับเว็บไซต์ได้ แต่ต้องล็อกอินก่อน ::
  ล็อกอิน

รายการสื่อสารสนเทศ

ลำดับที่ ประเภท เลขเรียก/บาร์โค้ด สถานที่ สถานะ
- ไม่พบข้อมูล -

รายการใกล้เคียง
    ผู้แต่ง [พลตรี หลวงวิจิตรวาทการ]

    หัวเรื่อง [ความคิด]
    หัวเรื่อง [การคิด]

BibComment


ยังไม่เคยถูกคอมเมนท์

คอมเมนท์ทรัพยากรรายการนี้
  คอมเมนท์: กำลังความคิด โดย..


 Copyright 2026. Bcnsprnw @Library